Kṣemendralaghukāvyasaṅgrahaḥ. (Record no. 62906)

MARC details
000 -LEADER
fixed length control field 00892cam a22002891 4500
001 - CONTROL NUMBER
control field sa 65002986
003 - CONTROL NUMBER IDENTIFIER
control field DLC
005 - DATE AND TIME OF LATEST TRANSACTION
control field 20260227112120.0
008 - FIXED-LENGTH DATA ELEMENTS--GENERAL INFORMATION
fixed length control field 890815s1961 ii b 000 0 sano
010 ## - LIBRARY OF CONGRESS CONTROL NUMBER
LC control number sa 65002986
035 ## - SYSTEM CONTROL NUMBER
System control number (OCoLC)20179742
040 ## - CATALOGING SOURCE
Original cataloging agency DLC
Transcribing agency WaU
Modifying agency DLC
042 ## - AUTHENTICATION CODE
Authentication code premarc
050 00 - LIBRARY OF CONGRESS CALL NUMBER
Classification number PK3798.K73
Item number A6 1961
100 0# - MAIN ENTRY--PERSONAL NAME
Personal name Kṣemendra,
Dates associated with a name active 11th century.
245 00 - TITLE STATEMENT
Title Kṣemendralaghukāvyasaṅgrahaḥ.
260 ## - PUBLICATION, DISTRIBUTION, ETC.
Date of publication, distribution, etc. 1961.
300 ## - PHYSICAL DESCRIPTION
Extent ii, 31, 599 p.
Dimensions 22 cm.
440 #0 - SERIES STATEMENT/ADDED ENTRY--TITLE
Title Sanskrit Academy series ;
Volume/sequential designation no. 7, A. 5
500 ## - GENERAL NOTE
General note Added t. p.: Minor works of Kṣemendra.
500 ## - GENERAL NOTE
General note Text in Sanskrit; introd. and glossary in English.
504 ## - BIBLIOGRAPHY, ETC. NOTE
Bibliography, etc. note Bibliography: p. [29]-31 (2d group)
700 1# - ADDED ENTRY--PERSONAL NAME
Personal name Sharma, Aryendra,
Dates associated with a name 1910-
700 1# - ADDED ENTRY--PERSONAL NAME
Personal name Raghavacharya, E. V. V.
740 0# - ADDED ENTRY--UNCONTROLLED RELATED/ANALYTICAL TITLE
Uncontrolled related/analytical title Minor works of Kṣemendra.
740 0# - ADDED ENTRY--UNCONTROLLED RELATED/ANALYTICAL TITLE
Uncontrolled related/analytical title Laghukāvyasaṅgrahaḥ.

No items available.

Powered by Koha